Vrai nom... ou pseudonyme ? - Littérature - Statistiques

Statistiques générales
  • Ce quiz a été pris 618 fois
  • Le résultat moyen est 11 sur 20
Statistiques - réponses
Question Réponse % Correct
Charles Baudelaire Vrai nom
91%
Émile Zola Vrai nom
86%
Fiodor Dostoïevski Vrai nom
79%
William Shakespeare Vrai nom
78%
François-René de Chateaubriand Vrai nom
77%
Alphonse Daudet Vrai nom
71%
Ernest Hemingway Vrai nom
67%
Jean de la Fontaine Vrai nom
66%
Lewis Caroll Pseudonyme
55%
Miguel de Cervantes Vrai nom
55%
Mark Twain Pseudonyme
54%
Agatha Christie Vrai nom
51%
Louis-Ferdinand Céline Pseudonyme
47%
Gérard de Nerval Pseudonyme
44%
Marguerite Yourcenar Pseudonyme
44%
George Orwell Pseudonyme
42%
Amélie Nothomb Pseudonyme
38%
Guillaume Apollinaire Pseudonyme
26%
Paul Éluard Pseudonyme
22%
Marguerite Duras Pseudonyme
20%
Aucun quiz correspondant
Distribution des résultats
% des personnes avec chaque résultat
Percentile par nombre de réponses
Votre historique - résultats
Vous n’avez pas pris ce quiz